Największe dzielnice miasta Krakowa. - Statystyki

Ogólne statystyki
  • Ten quiz został rozwiązany 37 razy
  • Średni wynik to 13 z 18
Statystyki odpowiedzi
powierzchnia (w ha) Odpowiedź % Poprawnych
6540,99 Nowa Huta
97%
2341,87 Prądnik Biały
88%
643,79 Prądnik Czerwony
88%
1354 Bronowice
81%
2566,71 Podgórze
81%
556,76 Stare Miasto
81%
1225,68 Czyżyny
78%
2560,4 Swoszowice
75%
1841,37 Bieżanów-Prokocim
69%
369,9 Bieńczyce
66%
584,52 Grzegórzki
66%
541,51 Łagiewniki-Borek Fałęcki
66%
2381,55 Wzgórza Krzesławickie
66%
4618,87 Dębniki
63%
559 Mistrzejowice
63%
954 Podgórze Duchackie
59%
2873,1 Zwierzyniec
56%
561,9 Krowodrza
28%
Nie znaleziono quizów pasujących do podanych kryteriów
Rozkład punktacji
Procent ludzi z każdym wynikiem
Percentyl według liczby udzielonych odpowiedzi
Twoja historia wyników
Nie rozwiązałeś tego quizu